[Event "Reykjavík Open 2013"]
[Site "?"]
[Date "2013.02.24"]
[Round "7.3"]
[White "Jones, Gawain C B"]
[Black "Yu, Yangyi"]
[Result "1/2-1/2"]
[LiveChessVersion "1.4"]
[BlackElo "2688"]
[WhiteElo "2637"]

1. d4 {[%clk 1:25:46]} d5 {[%clk 1:30:27]} 2. c4 {[%clk 1:26:08]} e6
{[%clk 1:30:51]} 3. Nc3 {[%clk 1:26:34]} Bb4 {[%clk 1:31:12]} 4. e3
{[%clk 1:26:42]} Nf6 {[%clk 1:31:29]} 5. a3 {[%clk 1:26:42]} Bxc3+
{[%clk 1:31:37]} 6. bxc3 {[%clk 1:27:06]} c6 {[%clk 1:31:45]} 7. Nf3
{[%clk 1:27:15]} O-O {[%clk 1:31:57]} 8. Bd3 {[%clk 1:27:27]} b6 {[%clk 1:31:59]}
9. cxd5 {[%clk 1:27:16]} cxd5 {[%clk 1:32:24]} 10. Qe2 {[%clk 1:27:58]} Ne4
{[%clk 1:32:30]} 11. Bb2 {[%clk 1:23:23]} Nc6 {[%clk 1:32:12]} 12. O-O
{[%clk 1:13:14]} Na5 {[%clk 1:31:45]} 13. Nd2 {[%clk 1:01:06]} Bb7
{[%clk 1:27:00]} 14. a4 {[%clk 0:52:48]} Qc7 {[%clk 0:53:04]} 15. Bxe4
{[%clk 0:52:27]} dxe4 {[%clk 0:53:17]} 16. Ba3 {[%clk 0:52:29]} Rfc8
{[%clk 0:52:59]} 17. Bb4 {[%clk 0:52:28]} Nc6 {[%clk 0:42:33]} 18. Ba3
{[%clk 0:51:55]} Na5 {[%clk 0:42:45]} 19. Bb4 {[%clk 0:52:15]} Bd5
{[%clk 0:38:58]} 20. Bxa5 {[%clk 0:46:33]} bxa5 {[%clk 0:39:27]} 21. Rfc1
{[%clk 0:46:38]} Rab8 {[%clk 0:38:09]} 22. c4 {[%clk 0:43:49]} Bc6
{[%clk 0:37:08]} 23. Qd1 {[%clk 0:36:08]} Qd7 {[%clk 0:33:16]} 24. Nb3
{[%clk 0:32:10]} Bxa4 {[%clk 0:33:19]} 25. Nc5 {[%clk 0:32:31]} Rxc5
{[%clk 0:33:44]} 26. Qxa4 {[%clk 0:28:00]} Qxa4 {[%clk 0:33:21]} 27. Rxa4
{[%clk 0:28:28]} Rc7 {[%clk 0:27:36]} 28. c5 {[%clk 0:27:45]} e5 {[%clk 0:26:28]}
29. Rxa5 {[%clk 0:18:46]} Rd8 {[%clk 0:26:02]} 30. Rc4 {[%clk 0:16:29]} exd4
{[%clk 0:26:00]} 31. exd4 {[%clk 0:15:36]} f5 {[%clk 0:26:27]} 32. c6
{[%clk 0:14:02]} g6 {[%clk 0:25:31]} 33. Re5 {[%clk 0:11:07]} Kf7
{[%clk 0:25:46]} 34. f4 {[%clk 0:10:55]} exf3 {[%clk 0:25:38]} 35. gxf3
{[%clk 0:10:55]} Kf6 {[%clk 0:17:41]} 36. f4 {[%clk 0:11:01]} g5 {[%clk 0:18:07]}
37. Rcc5 {[%clk 0:05:40]} Rxd4 {[%clk 0:18:23]} 38. Rxf5+ {[%clk 0:06:05]} Kg7
{[%clk 0:18:46]} 39. Rxg5+ {[%clk 0:06:22]} Kh8 {[%clk 0:18:20]} 40. Rce5
{[%clk 0:31:54]} Rd8 {[%clk 0:47:33]} 41. Re6 {[%clk 0:29:56]} Rdc8
{[%clk 0:45:11]} 42. Rc5 {[%clk 0:29:22]} a5 {[%clk 0:45:25]} 43. Rxa5
{[%clk 0:24:26]} Rxc6 {[%clk 0:45:49]} 44. Rxc6 {[%clk 0:24:53]} Rxc6
{[%clk 0:46:13]} 45. Kg2 {[%clk 0:25:17]} Kg7 {[%clk 0:46:09]} 46. Kg3
{[%clk 0:25:33]} Rc2 {[%clk 0:40:47]} 47. Ra6 {[%clk 0:24:46]} Kf7
{[%clk 0:38:21]} 48. h3 {[%clk 0:24:46]} Rc5 {[%clk 0:36:11]} 49. Rh6
{[%clk 0:24:46]} Kg7 {[%clk 0:36:32]} 50. Re6 {[%clk 0:25:09]} Kf7
{[%clk 0:36:12]} 51. Re5 {[%clk 0:25:25]} Rc1 {[%clk 0:35:46]} 52. Ra5
{[%clk 0:24:57]} Kf6 {[%clk 0:35:46]} 53. Ra7 {[%clk 0:24:31]} Rc3+
{[%clk 0:35:21]} 54. Kh4 {[%clk 0:24:21]} Rc4 {[%clk 0:35:44]} 55. Kg3
{[%clk 0:23:34]} Rc3+ {[%clk 0:36:08]} 56. Kg4 {[%clk 0:23:18]} h5+
{[%clk 0:36:21]} 57. Kh4 {[%clk 0:23:38]} Rf3 {[%clk 0:36:38]} 58. Ra6+
{[%clk 0:23:43]} Kf5 {[%clk 0:36:57]} 59. Ra5+ {[%clk 0:24:07]} Kf6
{[%clk 0:37:17]} 60. Ra6+ {[%clk 0:24:20]} Kf5 {[%clk 0:37:42]} 61. Ra8
{[%clk 0:24:42]} Kg6 {[%clk 0:36:38]} 62. Rg8+ {[%clk 0:24:36]} Kf7
{[%clk 0:35:04]} 63. Rg3 {[%clk 0:24:36]} Rxf4+ {[%clk 0:35:30]} 64. Kxh5
{[%clk 0:25:01]} Rf6 {[%clk 0:35:55]} 65. h4 {[%clk 0:25:15]} Ra6
{[%clk 0:36:19]} 66. Rg1 {[%clk 0:25:26]} 1/2-1/2

[Event "Reykjavík Open 2013"]
[Site "?"]
[Date "2013.02.24"]
[Round "7.4"]
[White "So, Wesley"]
[Black "Halkias, Stelios"]
[Result "1-0"]
[LiveChessVersion "1.4"]
[BlackElo "2566"]
[WhiteElo "2684"]

1. e4 {[%clk 1:30:56]} e5 {[%clk 1:29:36]} 2. Nf3 {[%clk 1:28:44]} Nc6
{[%clk 1:29:52]} 3. Bc4 {[%clk 1:25:36]} Nf6 {[%clk 1:30:10]} 4. Ng5
{[%clk 1:25:41]} d5 {[%clk 1:30:24]} 5. exd5 {[%clk 1:25:38]} Na5
{[%clk 1:30:24]} 6. Bb5+ {[%clk 1:25:54]} c6 {[%clk 1:27:48]} 7. dxc6
{[%clk 1:26:09]} bxc6 {[%clk 1:28:13]} 8. Bd3 {[%clk 1:26:31]} Nd5
{[%clk 1:25:35]} 9. Nf3 {[%clk 1:24:39]} Bd6 {[%clk 1:22:32]} 10. O-O
{[%clk 1:24:54]} Nf4 {[%clk 1:22:45]} 11. Re1 {[%clk 1:21:31]} Nxd3
{[%clk 1:21:52]} 12. cxd3 {[%clk 1:21:59]} O-O {[%clk 1:21:22]} 13. Nc3
{[%clk 1:22:16]} c5 {[%clk 1:14:55]} 14. b3 {[%clk 1:20:33]} Nc6 {[%clk 1:13:26]}
15. Ba3 {[%clk 1:11:12]} Bg4 {[%clk 1:00:10]} 16. h3 {[%clk 0:59:44]} Bxf3
{[%clk 0:45:09]} 17. Qxf3 {[%clk 1:00:01]} Nd4 {[%clk 0:45:36]} 18. Qd1
{[%clk 1:00:13]} f5 {[%clk 0:45:48]} 19. Ne2 {[%clk 0:48:18]} Ne6
{[%clk 0:18:24]} 20. Ng3 {[%clk 0:35:46]} Nf4 {[%clk 0:16:10]} 21. Qf3
{[%clk 0:33:52]} Kh8 {[%clk 0:15:46]} 22. Bb2 {[%clk 0:33:53]} Qc7
{[%clk 0:13:06]} 23. Nxf5 {[%clk 0:33:39]} Rae8 {[%clk 0:05:10]} 24. Qe4
{[%clk 0:33:15]} Re6 {[%clk 0:05:04]} 25. Nxd6 {[%clk 0:24:30]} Rg6
{[%clk 0:04:53]} 26. Kh1 {[%clk 0:24:58]} Rxg2 {[%clk 0:03:23]} 27. Bxe5
{[%clk 0:24:55]} Qd7 {[%clk 0:02:29]} 28. Re3 {[%clk 0:24:23]} Rxf2
{[%clk 0:02:41]} 29. Bxf4 {[%clk 0:24:28]} R2xf4 {[%clk 0:03:01]} 30. Qxf4
{[%clk 0:24:47]} Rxf4 {[%clk 0:03:21]} 31. Re8+ {[%clk 0:25:15]} Qxe8
{[%clk 0:03:45]} 32. Nxe8 {[%clk 0:25:42]} Rf3 {[%clk 0:04:03]} 33. Kg2
{[%clk 0:26:04]} Rxd3 {[%clk 0:04:27]} 34. Rf1 {[%clk 0:26:29]} Kg8
{[%clk 0:04:14]} 35. Nc7 {[%clk 0:26:09]} Rxd2+ {[%clk 0:04:29]} 36. Rf2
{[%clk 0:26:33]} Rd6 {[%clk 0:04:41]} 37. Nb5 {[%clk 0:25:58]} Rd7
{[%clk 0:04:48]} 38. Rc2 {[%clk 0:26:22]} a6 {[%clk 0:05:14]} 39. Nc3
{[%clk 0:26:45]} Rd6 {[%clk 0:05:16]} 40. Ne4 {[%clk 0:57:04]} Rg6+
{[%clk 0:35:40]} 41. Kh2 {[%clk 0:57:24]} 1-0

[Event "Reykjavík Open 2013"]
[Site "?"]
[Date "2013.02.24"]
[Round "7.1"]
[White "Navara, David"]
[Black "Grandelius, Nils"]
[Result "1/2-1/2"]
[LiveChessVersion "1.4"]
[BlackElo "2566"]
[WhiteElo "2710"]

1. d4 {[%clk 1:30:58]} Nf6 {[%clk 1:30:44]} 2. c4 {[%clk 1:31:23]} g6
{[%clk 1:30:17]} 3. g3 {[%clk 1:31:46]} Bg7 {[%clk 1:30:23]} 4. Bg2
{[%clk 1:32:10]} d5 {[%clk 1:30:46]} 5. cxd5 {[%clk 1:32:35]} Nxd5
{[%clk 1:31:08]} 6. e4 {[%clk 1:33:00]} Nb6 {[%clk 1:31:30]} 7. Ne2
{[%clk 1:33:26]} c5 {[%clk 1:30:30]} 8. d5 {[%clk 1:33:49]} e6 {[%clk 1:29:56]}
9. O-O {[%clk 1:34:10]} O-O {[%clk 1:30:20]} 10. Nec3 {[%clk 1:34:31]} Na6
{[%clk 1:27:14]} 11. Na3 {[%clk 1:34:53]} exd5 {[%clk 1:23:37]} 12. exd5
{[%clk 1:35:14]} Bf5 {[%clk 1:23:51]} 13. Be3 {[%clk 1:35:36]} Qd7
{[%clk 1:13:20]} 14. Qb3 {[%clk 1:35:43]} Rac8 {[%clk 0:53:12]} 15. Nab5
{[%clk 1:32:42]} Nb4 {[%clk 0:52:22]} 16. Bxc5 {[%clk 1:30:49]} Rxc5
{[%clk 0:52:22]} 17. Qxb4 {[%clk 1:31:11]} Rc4 {[%clk 0:52:42]} 18. Qa3
{[%clk 1:21:34]} Ra8 {[%clk 0:48:23]} 19. d6 {[%clk 1:20:41]} a6 {[%clk 0:40:19]}
20. Nc7 {[%clk 1:20:06]} Rd8 {[%clk 0:40:43]} 21. Rad1 {[%clk 1:08:15]} Bc2
{[%clk 0:30:55]} 22. Rc1 {[%clk 0:57:53]} Bxc3 {[%clk 0:26:07]} 23. bxc3
{[%clk 0:58:14]} Qxd6 {[%clk 0:26:32]} 24. Qxd6 {[%clk 0:58:23]} Rxd6
{[%clk 0:26:58]} 25. Nb5 {[%clk 0:57:31]} axb5 {[%clk 0:24:56]} 26. Rxc2
{[%clk 0:57:52]} Na4 {[%clk 0:21:16]} 27. Rfc1 {[%clk 0:57:58]} Rd7
{[%clk 0:21:30]} 28. Bf1 {[%clk 0:57:29]} Rc5 {[%clk 0:21:55]} 29. c4
{[%clk 0:57:47]} Rdc7 {[%clk 0:18:50]} 30. Bd3 {[%clk 0:57:58]} bxc4
{[%clk 0:14:59]} 31. Rxc4 {[%clk 0:58:16]} b6 {[%clk 0:14:24]} 32. Rxc5
{[%clk 0:56:05]} Nxc5 {[%clk 0:14:47]} 33. Bb5 {[%clk 0:55:03]} Ra7
{[%clk 0:14:08]} 34. Rc2 {[%clk 0:54:58]} Ra5 {[%clk 0:10:11]} 35. Rb2
{[%clk 0:54:34]} Na4 {[%clk 0:09:56]} 36. Bxa4 {[%clk 0:54:16]} 1/2-1/2

[Event "Reykjavík Open 2013"]
[Site "?"]
[Date "2013.02.24"]
[Round "7.4"]
[White "Bu, Xiangzhi"]
[Black "Yilmaz, Mustafa"]
[Result "0-1"]
[LiveChessVersion "1.4"]
[BlackElo "2531"]
[WhiteElo "2675"]

1. d4 {[%clk 1:30:56]} d5 {[%clk 1:30:55]} 2. c4 {[%clk 1:31:21]} c6
{[%clk 1:31:22]} 3. Nf3 {[%clk 1:31:44]} Nf6 {[%clk 1:31:47]} 4. Nc3
{[%clk 1:32:06]} a6 {[%clk 1:32:07]} 5. e3 {[%clk 1:32:09]} Bf5 {[%clk 1:32:18]}
6. Bd2 {[%clk 1:32:00]} e6 {[%clk 1:28:36]} 7. Nh4 {[%clk 1:32:23]} Be4
{[%clk 1:24:02]} 8. f3 {[%clk 1:32:11]} Bg6 {[%clk 1:24:18]} 9. Qb3
{[%clk 1:31:13]} b5 {[%clk 1:20:19]} 10. cxd5 {[%clk 1:28:57]} cxd5
{[%clk 1:20:15]} 11. Nxg6 {[%clk 1:15:40]} hxg6 {[%clk 1:20:43]} 12. a4
{[%clk 1:15:18]} b4 {[%clk 1:20:07]} 13. Na2 {[%clk 1:13:04]} Nc6
{[%clk 1:17:06]} 14. a5 {[%clk 1:00:19]} Qxa5 {[%clk 1:10:59]} 15. Rc1
{[%clk 1:00:25]} Kd7 {[%clk 1:10:49]} 16. Rxc6 {[%clk 0:47:52]} Kxc6
{[%clk 1:11:16]} 17. Nxb4+ {[%clk 0:48:16]} Bxb4 {[%clk 1:06:53]} 18. Bxb4
{[%clk 0:48:43]} Qc7 {[%clk 0:53:29]} 19. Qa4+ {[%clk 0:48:28]} Kb7
{[%clk 0:50:18]} 20. Kf2 {[%clk 0:47:24]} Qc6 {[%clk 0:44:03]} 21. Qa3
{[%clk 0:45:38]} g5 {[%clk 0:38:42]} 22. Ba5 {[%clk 0:40:03]} Ra7
{[%clk 0:38:12]} 23. g4 {[%clk 0:32:21]} Ka8 {[%clk 0:32:19]} 24. Bd3
{[%clk 0:31:44]} Nd7 {[%clk 0:31:29]} 25. h3 {[%clk 0:22:12]} Rc8
{[%clk 0:22:34]} 26. Ra1 {[%clk 0:22:16]} Qb7 {[%clk 0:19:30]} 27. Bc3
{[%clk 0:22:21]} Rc6 {[%clk 0:19:30]} 28. Kg2 {[%clk 0:22:47]} Qc7
{[%clk 0:18:26]} 29. Qe7 {[%clk 0:18:54]} Qb8 {[%clk 0:15:42]} 30. Rxa6
{[%clk 0:16:54]} Rcxa6 {[%clk 0:08:37]} 31. Bxa6 {[%clk 0:17:21]} Nb6
{[%clk 0:07:37]} 32. Qa3 {[%clk 0:17:48]} Qe8 {[%clk 0:07:11]} 33. b4
{[%clk 0:17:06]} Qa4 {[%clk 0:06:50]} 0-1

[Event "Reykjavík Open 2013"]
[Site "?"]
[Date "2013.02.24"]
[Round "7.5"]
[White "Kveinys, Aloyzas"]
[Black "Sokolov, Ivan"]
[Result "0-1"]
[LiveChessVersion "1.4"]
[BlackElo "2644"]
[WhiteElo "2533"]

1. d4 {[%clk 1:30:56]} Nf6 {[%clk 1:19:42]} 2. Nf3 {[%clk 1:30:57]} g6
{[%clk 1:18:06]} 3. c4 {[%clk 1:30:58]} Bg7 {[%clk 1:18:31]} 4. g3
{[%clk 1:31:15]} b6 {[%clk 1:18:29]} 5. Bg2 {[%clk 1:31:00]} Bb7 {[%clk 1:18:48]}
6. O-O {[%clk 1:31:11]} Na6 {[%clk 1:15:46]} 7. Nc3 {[%clk 1:25:30]} Ne4
{[%clk 1:15:26]} 8. Nd5 {[%clk 1:21:00]} e6 {[%clk 1:13:44]} 9. Nf4
{[%clk 1:21:23]} O-O {[%clk 1:12:28]} 10. h4 {[%clk 1:16:05]} d5 {[%clk 0:59:11]}
11. Ng5 {[%clk 1:09:57]} Re8 {[%clk 0:56:35]} 12. Be3 {[%clk 1:09:07]} Nf6
{[%clk 0:53:30]} 13. Qa4 {[%clk 0:57:22]} h6 {[%clk 0:50:13]} 14. Nf3
{[%clk 0:53:28]} Ng4 {[%clk 0:50:38]} 15. Rad1 {[%clk 0:52:07]} Nxe3
{[%clk 0:49:33]} 16. fxe3 {[%clk 0:52:33]} Qd6 {[%clk 0:47:44]} 17. Ne5
{[%clk 0:44:19]} Bxe5 {[%clk 0:46:23]} 18. dxe5 {[%clk 0:44:43]} Qxe5
{[%clk 0:46:49]} 19. cxd5 {[%clk 0:43:13]} exd5 {[%clk 0:38:39]} 20. Rxd5
{[%clk 0:41:52]} Bxd5 {[%clk 0:33:36]} 21. Bxd5 {[%clk 0:41:22]} Nc5
{[%clk 0:29:47]} 22. Qc2 {[%clk 0:40:41]} Ne6 {[%clk 0:24:57]} 23. Bxa8
{[%clk 0:30:35]} Qxe3+ {[%clk 0:22:02]} 24. Kg2 {[%clk 0:30:37]} Rxa8
{[%clk 0:21:54]} 25. Nd5 {[%clk 0:22:34]} Qe5 {[%clk 0:22:16]} 26. Ne7+
{[%clk 0:22:51]} Kg7 {[%clk 0:22:09]} 27. Nc6 {[%clk 0:23:09]} Qd5+
{[%clk 0:20:03]} 28. Kh2 {[%clk 0:20:01]} Re8 {[%clk 0:18:42]} 29. Qc3+
{[%clk 0:14:53]} Kg8 {[%clk 0:19:05]} 30. Rd1 {[%clk 0:14:16]} 0-1

[Event "Reykjavík Open 2013"]
[Site "?"]
[Date "2013.02.24"]
[Round "7.6"]
[White "Xiu, Deshun"]
[Black "Socko, Bartosz"]
[Result "1/2-1/2"]
[LiveChessVersion "1.4"]
[BlackElo "2643"]
[WhiteElo "2530"]

1. Nf3 {[%clk 1:30:57]} Nf6 {[%clk 1:30:52]} 2. c4 {[%clk 1:31:22]} e6
{[%clk 1:31:17]} 3. Nc3 {[%clk 1:31:34]} Bb4 {[%clk 1:30:17]} 4. Qc2
{[%clk 1:29:26]} O-O {[%clk 1:29:01]} 5. a3 {[%clk 1:29:53]} Bxc3
{[%clk 1:29:23]} 6. Qxc3 {[%clk 1:30:18]} b6 {[%clk 1:29:39]} 7. b4
{[%clk 1:29:35]} d6 {[%clk 1:27:42]} 8. Bb2 {[%clk 1:26:54]} Nbd7
{[%clk 1:28:05]} 9. e3 {[%clk 1:19:52]} a5 {[%clk 1:25:19]} 10. Be2
{[%clk 1:18:44]} axb4 {[%clk 1:25:23]} 11. axb4 {[%clk 1:19:09]} Rxa1+
{[%clk 1:25:45]} 12. Bxa1 {[%clk 1:19:35]} Bb7 {[%clk 1:26:07]} 13. O-O
{[%clk 1:19:55]} Qe7 {[%clk 1:26:23]} 14. Bb2 {[%clk 1:18:30]} Ra8
{[%clk 1:26:46]} 15. Ra1 {[%clk 1:17:39]} Qf8 {[%clk 1:26:01]} 16. Rxa8
{[%clk 1:09:58]} Qxa8 {[%clk 1:26:09]} 17. Qa3 {[%clk 1:09:27]} Qxa3
{[%clk 1:24:56]} 18. Bxa3 {[%clk 1:07:54]} c5 {[%clk 1:24:00]} 19. d3
{[%clk 1:04:24]} Kf8 {[%clk 1:23:20]} 20. Kf1 {[%clk 1:04:40]} Ke7
{[%clk 1:23:35]} 21. Bd1 {[%clk 1:04:50]} Bc6 {[%clk 1:19:22]} 22. Ke2
{[%clk 1:00:51]} 1/2-1/2

[Event "Reykjavík Open 2013"]
[Site "?"]
[Date "2013.02.24"]
[Round "7.7"]
[White "Olafsson, Fridrik"]
[Black "Jayakumar, Adarsh"]
[Result "1/2-1/2"]
[LiveChessVersion "1.4"]
[BlackElo "2271"]
[WhiteElo "2416"]

1. d4 {[%clk 1:30:41]} d5 {[%clk 1:30:57]} 2. c4 {[%clk 1:31:03]} e6
{[%clk 1:31:22]} 3. cxd5 {[%clk 1:31:05]} exd5 {[%clk 1:31:46]} 4. Nc3
{[%clk 1:31:29]} c6 {[%clk 1:31:53]} 5. Nf3 {[%clk 1:31:48]} Nf6 {[%clk 1:31:31]}
6. Bg5 {[%clk 1:32:01]} Be7 {[%clk 1:31:57]} 7. Qc2 {[%clk 1:32:16]} O-O
{[%clk 1:32:13]} 8. e3 {[%clk 1:32:40]} Nbd7 {[%clk 1:32:10]} 9. Bd3
{[%clk 1:32:59]} Re8 {[%clk 1:32:37]} 10. O-O {[%clk 1:32:44]} Nf8
{[%clk 1:33:01]} 11. Ne5 {[%clk 1:27:04]} Ng4 {[%clk 1:23:11]} 12. Bxe7
{[%clk 1:25:09]} Qxe7 {[%clk 1:23:38]} 13. Nxg4 {[%clk 1:25:20]} Bxg4
{[%clk 1:24:05]} 14. Rae1 {[%clk 1:24:00]} Rad8 {[%clk 1:21:44]} 15. f3
{[%clk 1:23:54]} Bc8 {[%clk 1:18:42]} 16. Qf2 {[%clk 1:23:26]} Qf6
{[%clk 1:12:27]} 17. Kh1 {[%clk 1:20:09]} Ne6 {[%clk 1:07:24]} 18. f4
{[%clk 1:09:17]} Nc7 {[%clk 0:49:29]} 1/2-1/2

[Event "Reykjavík Open 2013"]
[Site "?"]
[Date "2013.02.24"]
[Round "7.8"]
[White "Danielsen, Henrik"]
[Black "Amin, Bassem"]
[Result "0-1"]
[LiveChessVersion "1.4"]
[BlackElo "2631"]
[WhiteElo "2507"]

1. c4 {[%clk 1:30:57]} e5 {[%clk 1:28:59]} 2. g3 {[%clk 1:31:12]} d6
{[%clk 1:29:01]} 3. Bg2 {[%clk 1:31:32]} g6 {[%clk 1:29:25]} 4. Nc3
{[%clk 1:31:16]} Bg7 {[%clk 1:29:48]} 5. d3 {[%clk 1:31:22]} c6 {[%clk 1:30:02]}
6. e4 {[%clk 1:29:52]} a6 {[%clk 1:25:36]} 7. Nge2 {[%clk 1:25:54]} Be6
{[%clk 1:25:13]} 8. O-O {[%clk 1:25:16]} Ne7 {[%clk 1:25:19]} 9. b3
{[%clk 1:22:20]} O-O {[%clk 1:25:20]} 10. d4 {[%clk 1:22:23]} b5 {[%clk 1:16:41]}
11. cxb5 {[%clk 1:14:59]} axb5 {[%clk 1:14:38]} 12. Be3 {[%clk 1:14:15]} Na6
{[%clk 0:39:53]} 13. Qd2 {[%clk 1:13:40]} f5 {[%clk 0:35:46]} 14. exf5
{[%clk 1:11:21]} gxf5 {[%clk 0:35:51]} 15. Bg5 {[%clk 1:10:58]} e4
{[%clk 0:32:44]} 16. Nf4 {[%clk 0:49:06]} Nc7 {[%clk 0:32:52]} 17. Rac1
{[%clk 0:45:11]} Qd7 {[%clk 0:30:05]} 18. f3 {[%clk 0:43:40]} d5 {[%clk 0:29:19]}
19. Nce2 {[%clk 0:41:41]} Ng6 {[%clk 0:27:13]} 20. Rc2 {[%clk 0:40:21]} Ra6
{[%clk 0:27:27]} 21. Bh3 {[%clk 0:38:00]} Nxf4 {[%clk 0:23:04]} 22. Bxf4
{[%clk 0:36:14]} Qe7 {[%clk 0:17:09]} 23. Qc1 {[%clk 0:31:04]} Qd7
{[%clk 0:17:35]} 24. Qe3 {[%clk 0:31:01]} b4 {[%clk 0:15:12]} 25. Qd2
{[%clk 0:30:30]} Rb6 {[%clk 0:14:44]} 26. Kh1 {[%clk 0:24:31]} Nb5
{[%clk 0:12:53]} 27. Bh6 {[%clk 0:22:48]} exf3 {[%clk 0:10:14]} 28. Rxf3
{[%clk 0:21:56]} Nd6 {[%clk 0:10:42]} 29. Bxg7 {[%clk 0:20:27]} Qxg7
{[%clk 0:11:06]} 30. Nf4 {[%clk 0:20:28]} Ne4 {[%clk 0:10:30]} 31. Qe3
{[%clk 0:19:54]} Bd7 {[%clk 0:10:48]} 32. Rf1 {[%clk 0:19:56]} Re8
{[%clk 0:10:11]} 33. Qg1 {[%clk 0:16:31]} Kh8 {[%clk 0:05:39]} 34. Nd3
{[%clk 0:15:36]} c5 {[%clk 0:02:27]} 35. dxc5 {[%clk 0:12:22]} Rh6
{[%clk 0:02:55]} 36. Qg2 {[%clk 0:07:36]} Bb5 {[%clk 0:02:46]} 37. Nf4
{[%clk 0:06:00]} d4 {[%clk 0:02:50]} 38. c6 {[%clk 0:03:02]} d3 {[%clk 0:03:18]}
39. Rc4 {[%clk 0:03:20]} Bxc4 {[%clk 0:03:30]} 40. bxc4 {[%clk 0:33:48]} d2
{[%clk 0:33:25]} 41. Qg1 {[%clk 0:28:49]} Rd8 {[%clk 0:30:15]} 42. Rd1
{[%clk 0:25:44]} Rxc6 {[%clk 0:30:14]} 43. Bxf5 {[%clk 0:24:27]} Nc3
{[%clk 0:30:21]} 0-1

[Event "Reykjavík Open 2013"]
[Site "?"]
[Date "2013.02.24"]
[Round "7.9"]
[White "Kuzubov, Yuriy"]
[Black "Gretarsson, Hjorvar Steinn"]
[Result "1/2-1/2"]
[LiveChessVersion "1.4"]
[BlackElo "2509"]
[WhiteElo "2622"]

1. d4 {[%clk 1:30:56]} Nf6 {[%clk 1:30:50]} 2. c4 {[%clk 1:31:20]} e6
{[%clk 1:31:05]} 3. Nf3 {[%clk 1:31:43]} d5 {[%clk 1:31:05]} 4. Nc3
{[%clk 1:31:41]} Be7 {[%clk 1:31:21]} 5. Bg5 {[%clk 1:28:33]} h6 {[%clk 1:31:31]}
6. Bh4 {[%clk 1:26:33]} O-O {[%clk 1:30:34]} 7. e3 {[%clk 1:26:54]} b6
{[%clk 1:29:47]} 8. cxd5 {[%clk 1:25:25]} exd5 {[%clk 1:29:02]} 9. Be2
{[%clk 1:23:15]} Bb7 {[%clk 1:27:02]} 10. O-O {[%clk 1:23:22]} Nbd7
{[%clk 1:26:01]} 11. Qa4 {[%clk 1:22:56]} a6 {[%clk 1:20:24]} 12. Rfd1
{[%clk 1:22:33]} Ne4 {[%clk 1:02:29]} 13. Bxe7 {[%clk 1:22:14]} Qxe7
{[%clk 1:02:56]} 14. Rac1 {[%clk 1:18:18]} Rfc8 {[%clk 0:50:23]} 15. Qb3
{[%clk 1:03:03]} Nxc3 {[%clk 0:45:12]} 16. Rxc3 {[%clk 1:01:38]} Rab8
{[%clk 0:43:13]} 17. Rdc1 {[%clk 0:32:16]} c5 {[%clk 0:41:15]} 18. Qa3
{[%clk 0:32:20]} Re8 {[%clk 0:36:00]} 19. b3 {[%clk 0:24:15]} Rbc8
{[%clk 0:29:40]} 20. h3 {[%clk 0:22:51]} Qd6 {[%clk 0:24:46]} 21. Bd3
{[%clk 0:21:17]} g6 {[%clk 0:23:40]} 22. R3c2 {[%clk 0:20:06]} Qf6
{[%clk 0:22:51]} 23. Bf1 {[%clk 0:19:49]} Kg7 {[%clk 0:19:53]} 24. Qb2
{[%clk 0:17:10]} Re6 {[%clk 0:15:07]} 25. a3 {[%clk 0:14:27]} Rec6
{[%clk 0:11:48]} 26. Be2 {[%clk 0:09:10]} Re8 {[%clk 0:09:40]} 27. a4
{[%clk 0:07:43]} Rcc8 {[%clk 0:09:04]} 28. Nh2 {[%clk 0:05:56]} h5
{[%clk 0:09:13]} 29. Nf3 {[%clk 0:06:20]} Kg8 {[%clk 0:08:51]} 30. Qa3
{[%clk 0:05:49]} a5 {[%clk 0:05:31]} 31. Qb2 {[%clk 0:04:18]} Red8
{[%clk 0:04:25]} 32. Bb5 {[%clk 0:02:57]} Bc6 {[%clk 0:04:29]} 33. Ba6
{[%clk 0:03:01]} Rb8 {[%clk 0:04:07]} 34. Qc3 {[%clk 0:03:04]} Ra8
{[%clk 0:03:38]} 35. Be2 {[%clk 0:02:59]} Rab8 {[%clk 0:02:42]} 36. Qd2
{[%clk 0:03:12]} Ra8 {[%clk 0:02:06]} 37. Ne1 {[%clk 0:03:12]} Bb7
{[%clk 0:00:58]} 38. Bb5 {[%clk 0:02:57]} cxd4 {[%clk 0:01:16]} 39. exd4
{[%clk 0:02:10]} Nf8 {[%clk 0:01:23]} 40. Rc7 {[%clk 0:32:18]} Rab8
{[%clk 0:31:13]} 41. Nf3 {[%clk 0:24:04]} Ne6 {[%clk 0:30:22]} 42. Ne5
{[%clk 0:16:37]} Nxc7 {[%clk 0:29:41]} 43. Rxc7 {[%clk 0:17:02]} Rf8
{[%clk 0:29:16]} 44. Qh6 {[%clk 0:14:53]} Bc8 {[%clk 0:25:19]} 45. Nc6
{[%clk 0:10:34]} Rb7 {[%clk 0:24:46]} 46. Ne7+ {[%clk 0:10:51]} Qxe7
{[%clk 0:25:10]} 47. Rxe7 {[%clk 0:11:16]} Rxe7 {[%clk 0:25:21]} 48. Bd3
{[%clk 0:11:32]} Re6 {[%clk 0:19:19]} 49. Qc1 {[%clk 0:09:55]} Rfe8
{[%clk 0:14:47]} 50. Kh2 {[%clk 0:10:09]} Bd7 {[%clk 0:07:03]} 51. Qc7
{[%clk 0:09:40]} R8e7 {[%clk 0:07:17]} 52. Qd8+ {[%clk 0:09:23]} Kg7
{[%clk 0:07:33]} 53. Ba6 {[%clk 0:09:14]} Bc6 {[%clk 0:06:20]} 54. Bc8
{[%clk 0:02:58]} Re8 {[%clk 0:06:18]} 55. Qc7 {[%clk 0:03:18]} Rf6
{[%clk 0:04:46]} 56. Ba6 {[%clk 0:00:48]} Ree6 {[%clk 0:03:22]} 57. Bc8
{[%clk 0:00:57]} Re4 {[%clk 0:01:40]} 58. f3 {[%clk 0:00:56]} Re2
{[%clk 0:01:20]} 59. h4 {[%clk 0:00:49]} Be8 {[%clk 0:01:12]} 60. Ba6
{[%clk 0:00:59]} Ree6 {[%clk 0:01:12]} 61. Qd8 {[%clk 0:00:56]} Bc6
{[%clk 0:01:19]} 62. Bc8 {[%clk 0:00:53]} Re8 {[%clk 0:01:42]} 63. Qc7
{[%clk 0:01:17]} Re2 {[%clk 0:01:37]} 64. Kg3 {[%clk 0:01:19]} Re3
{[%clk 0:01:31]} 65. Qxb6 {[%clk 0:00:57]} Bxa4 {[%clk 0:01:26]} 66. Qxa5
{[%clk 0:01:12]} Bxb3 {[%clk 0:01:43]} 67. Qc7 {[%clk 0:00:58]} Bc4
{[%clk 0:01:41]} 68. Kf2 {[%clk 0:00:47]} Re4 {[%clk 0:01:16]} 69. Kg3
{[%clk 0:00:41]} Rxd4 {[%clk 0:00:42]} 70. Qe5 {[%clk 0:01:02]} Rdf4
{[%clk 0:00:42]} 71. Qxf4 {[%clk 0:00:39]} Rxf4 {[%clk 0:01:10]} 72. Kxf4
{[%clk 0:01:02]} Kf6 {[%clk 0:01:01]} 73. Ke3 {[%clk 0:00:56]} Bf1
{[%clk 0:00:52]} 74. g3 {[%clk 0:01:10]} Ke5 {[%clk 0:01:02]} 75. f4+
{[%clk 0:00:40]} Kd6 {[%clk 0:01:18]} 76. g4 {[%clk 0:00:42]} hxg4
{[%clk 0:01:35]} 77. Bxg4 {[%clk 0:01:05]} Ke7 {[%clk 0:01:32]} 78. Kd4
{[%clk 0:00:57]} Bg2 {[%clk 0:01:56]} 79. Ke5 {[%clk 0:01:10]} f6+
{[%clk 0:02:05]} 80. Kd4 {[%clk 0:01:35]} Kd6 {[%clk 0:01:56]} 1/2-1/2